Modern radar: theory, operation & maintenance

I tiakina i:
Ngā taipitopito rārangi puna kōrero
Kaituhi matua: Safford, Edward (Author)
Hōputu: Pukapuka
Reo:Ingarihi
I whakaputaina: Blue Ridge Summit Tab 1981
Putanga:2a. ed
Ngā marau:
Ngā Tūtohu: Tāpirihia he Tūtohu
Kāore He Tūtohu, Me noho koe te mea tuatahi ki te tūtohu i tēnei pūkete!

MARC

LEADER 00000nam a2200000 a 4500
001 UCU6125
003 CL-VaPUC
008 960614e19810000us |||||||||||||||||eng|d
082 0 4 |a 621.384  |b SAF  |2 21 
100 0 |a Safford, Edward  |e author  |9 364237 
245 1 0 |a Modern radar: theory, operation & maintenance 
250 |a 2a. ed 
300 |a 564 p 
942 |c BK 
945 |d 19960614 00:00:00  |a lriquelm 
260 |a Blue Ridge Summit  |b Tab  |c 1981 
650 7 |a RADAR  |2 CL-VaPUC  |9 356111 
650 7 |a ECOS DE RADAR  |2 CL-VaPUC  |9 364123 
650 7 |a RECEPTORES  |2 CL-VaPUC  |9 363234 
650 0 |a Vigilancia  |9 364238 
650 7 |a SONAR  |2 CL-VaPUC  |9 324436 
650 7 |a TRANSMISORES  |2 CL-VaPUC  |9 364239 
650 0 |a Tecnología electrónica  |9 334386 
583 |a last modification  |c 20171214 11:48:18  |k Rodrigo Vera 
999 |c 249159  |d 249157 
952 |0 0  |1 0  |4 0  |6 621_384000000000000_SAF_1981  |7 0  |8 A  |9 266223  |a BIBING  |b BIBING  |d 2019-11-19  |i 1681079  |o 621.384 SAF 1981  |p 1681079  |r 2025-01-20  |w 2019-11-19  |y BK  |k EIE